| 000 | 00794nam a22002535i 4500 | ||
|---|---|---|---|
| 001 | 16644 | ||
| 003 | ES-MaACL | ||
| 005 | 20250814084232.0 | ||
| 007 | t| | ||
| 008 | 001020s1995 sp f 00100 spa | ||
| 020 | _a84-7509-336-1 | ||
| 080 | _a791.43(430) | ||
| 100 | 1 |
_aKracauer, Siegfried. _968692 |
|
| 245 | 1 | 0 |
_aDe Caligari a Hitler _b: una historia psicológica del cine alemán / _cSiegfried Kracauer. |
| 250 | _a1ª reimp. | ||
| 260 |
_aBarcelona : _bPaidós Ibérica, _c1995. |
||
| 300 |
_a350 p., [32] p. de lám. ; _c24 cm. |
||
| 490 | 1 |
_aPaidós comunicación ; _v73. _aCine |
|
| 504 | _aBibliografía: p. 319-327. | ||
| 650 | 1 | 4 |
_aCine- _zAlemania. _911012 |
| 830 | 1 | 0 |
_aPaidós comunicación. _pCine _v73. _9180012 |
| 852 |
_aES-MaACL _jL-23635 |
||
| 999 |
_c16644 _d16644 |
||